01028nam a2200229 a 450000100100000000500170001000800410002704000250006808200160009310000380010924000320014724501360017926000810031530000280039649000330042450000470045750400740050453400940057865000470067265000460071983000330076500001153020200929162500.0091019s1966 mx a 001 0 spa  aDO-SdBNPbspacBNPHU a917.3bJ76e1 aJones, Howard Mumford,d1892-198012aO strange new world,d1964,10aEste extraño nuevo mundo :baños formativos de la cultura norteamericana /cHoward Mumford Jones ; traductor Andrés M. Mateo. aMéxico, D. F. :bUnión Tipográfica Editorial Hispano Americana,c1966. a376 p. :bil. ;c23 cm.1 aBiblioteca Uteha de Historia aIncluye índice alfabético: p. 361-376. aIncluye referencias bibliográficas y notas al pie de las páginas. pTítulo original en inglés:tO strange new worldcNueva York : The Viking Press, 1964. 4aEstados unidosxCivilizaciónyHASTA 1783 4aEstados unidosxCivilizacióny1783-1865 0aBiblioteca Uteha de Historia